000 00508nam a22001697a 4500
999 _c8467
_d8467
008 201125b ||||| |||| 00| 0 eng d
040 _aBMS College of Architecture
100 _aM,Rakshitha
245 _aSerence abode : assisted enclave
300 _aNA
500 _a1BM14AT077
502 _8B,Arch
_NBMS College of Architecture, Visvesvaraya Technological University (VTU)
_aProject report
_d2018
650 _aNA
700 _aReshmi M K
_eGuide
700 _aSantosh Kumar
_eGuide
942 _2ddc
_cTHE